Capitals of the Countries of the Persian Empire - Statistics

General Stats
  • This quiz has been taken 23 times
    18 since last reset
  • The average score is 27 of 32
Answers on the Map
Answers color-coded by a green-red scale on the quiz's map according to % correct below.
 
Answer Stats
Cities % Correct
Ankara
100%
Cairo
100%
Jerusalem
100%
Tehran
100%
Athens
94%
Baghdad
94%
Damascus
94%
Islamabad
94%
Kabul
94%
Moscow
94%
Abu Dhabi
88%
Beirut
88%
Bucharest
88%
Kiev
88%
Kuwait
88%
Muscat
88%
Sofia
88%
Tripoli
88%
Amman
81%
Astana
81%
Baku
81%
Bishkek
81%
New Delhi
81%
Riyadh
81%
Tbilisi
81%
Nicosia
75%
Yerevan
75%
Ashgabat
69%
Beijing
69%
Chisinau
69%
Dushanbe
69%
Tashkent
69%
No matching quizzes found
Score Distribution
Percent of People with Each Score
Percentile by Number Answered
Your Score History
You have not taken this quiz since the last reset